00637nam a2200157 a 4500008004100000050001500041100001700056245006100073260004000134350000900174650003900183700001600222995010100238999001700339952012300356120416s1973 ||||||||||||||||| || u aQD 415 Pro aKalser, E. T10aProgress in bioorganic chemistrycedited by E. T. Kalser aNew YorkbJohn Wiley and Sonsc1973 a0.00 0aCHEMISTRY--HANDBOOKS, MANUALS, ETC aKezdy, F. J D0.00FCBU-MAIN LIBRARY (Kitwe)H1I8.75M1UAVAILABLEWMar 13, 2007ZAnnex Low-Usage Collection  c55009d55009 00102lcc4070a001b001cAnnex Low-Usage Collection d2022-11-30l0oQD 415 Prop013813r2022-11-30w2022-11-30y002